| 000 | 00708nam a22002417a 4500 | ||
|---|---|---|---|
| 003 | UA-OsUOA | ||
| 001 | 124772 | ||
| 007 | ta | ||
| 008 | 20170823b un ||||| |||| 00| 0 ukr d | ||
| 100 | _aДзюба-Погребняк О. | ||
| 090 |
_a82.09=16 _bД43 |
||
| 942 | _cBK | ||
| 040 |
_aUA-OsUOA _bukr _cUA-OsUOA _dUA-OsUOA |
||
| 245 | _aПерша світова війна в літературах південних слов'ян | ||
| 300 | _a496 с. | ||
| 955 | _a2 | ||
| 041 | _aukr | ||
| 080 | _a82.09=16 | ||
| 020 | _a978-966-378-356-7 | ||
| 260 |
_aК. _bДух і Літера _c2014 |
||
| 650 | 7 |
_a82 Література. Літературознавство _2UDC |
|
| 999 |
_c411942 _d411942 |
||